Príprava a reakcie substituovaných propénových kyselín : Obh. 10.6.1996 /

Salvato in:
Dettagli Bibliografici
Autore principale: Syč, Norbert (Autore)
Natura: Manoscritto Libro
Lingua:slovacco
Pubblicazione: Bratislava : STU v Bratislave ChtF, 1996
Tags: Aggiungi Tag
Nessun Tag, puoi essere il primo ad aggiungerne!!

MARC

LEADER 00000ntm a22000003a 4500
001 stu23866
005 20150617225748.8
008 ------s1996----xo------------------slo-d
040 |a STU  |b slo 
041 0 |a slo 
044 |a xo 
100 1 |a Syč, Norbert  |4 aut 
245 1 |a Príprava a reakcie substituovaných propénových kyselín :  |b Obh. 10.6.1996 /  |c [aut.]Syč,Norbert 
260 |a Bratislava :  |b STU v Bratislave ChtF,  |c 1996 
300 |a 36 s :  |b Tab.,lit 
500 |a Zameranie: Organická chémia 
996 |b CD12061  |c C*D12061  |l CCI  |s A  |a 24  |w stu23866_0001